000 01062nas a2200301 4500
001 BR2011006767
003 BR-BrBNA
005 20231205120010.0
007 ta
008 230509b bl.|||p| |||| 00| 00por d
040 _aBR-BrBNA
_bpor
_cBiblioteca Nacional de Agricultura
041 _a(Pt)
072 _aQ70; F62; F06
100 1 _aRodrigues, L.N.
100 1 _aNery, A.R.
100 1 _aFernandes, P.D.
100 1 _aBeltrão, N.E.M.
100 1 _aGheyi, H.R.
245 1 _aCrescimento e produção de bagas da mamoneira irrigada com água residuária doméstica
650 _aRICINUS COMMUNIS
650 _aRESPOSTA DA PLANTA
650 _aCARACTERÍSTICAS AGRONÔMICAS
650 _aEVAPOTRANSPIRAÇÃO
773 0 _tRevista Brasileira de Engenharia Agrícola e Ambiental (Brazil)
_xISSN 1807-1929
_g(2009), v.13(Suplemento) p. 825-835
_wBR2011006767
856 4 0 _uhttp://www.scielo.br/scielo.php?script=sci_arttext pid=S1415-43662009000700003 lng=en nrm=iso tlng=pt
909 _a202311
_bLúcia
_c55
_dLúcia Elande
942 _2AGRIS
_n0
_cANA
999 _c216623
_d216623